Bytový dom

Na minha lista:
Detalhes bibliográficos
Autor principal: Petráš, Erik (Author)
Outros Autores: Jakeš, Erik (Thesis advisor)
Formato: Manuscrito Livro
Idioma:eslovaco
Publicado em: 2024
Assuntos:
Acesso em linha:http://is.stuba.sk/zp/portal_zp.pl?podrobnosti=161955
https://opac.crzp.sk/?fn=detailBiblioForm&sid=E866CA411CD4E51497B18269BB2C
Tags: Adicionar Tag
Sem tags, seja o primeiro a adicionar uma tag!

MARC

LEADER 00000ntm a22000003a 4500
001 stuzp98616
003 SK-STU
005 20240917093431.0
007 ta
008 150427s2015----xo-----f-mn---000-0-slo-d
040 |a STU  |b slo 
041 0 |a slo 
100 1 |a Petráš, Erik  |u 010180  |4 aut  |U SvF Stavebná fakulta  |T SvF Katedra konštrukcií pozemných stavieb  |X 110215  |U V180  |Y 18  |7 110215 
242 0 1 |a Residential building  |y eng 
245 1 0 |a Bytový dom 
260 |c 2024 
650 4 |a Vložkový strop  |2 slo 
650 4 |a Pochôdzna strecha  |2 slo 
650 4 |a Murovacie prvky  |2 slo 
650 4 |a Bytový dom  |2 slo 
650 4 |a Bytová jednotka  |2 slo 
650 4 |a Residential building  |2 eng 
650 4 |a Apartment unit  |2 eng 
650 4 |a Masonry elements  |2 eng 
650 4 |a Suspended ceiling  |2 eng 
650 4 |a Flat roof  |2 eng 
700 1 |a Jakeš, Erik  |u 010180  |k Z1  |4 ths  |U SvF Stavebná fakulta  |T SvF Katedra konštrukcií pozemných stavieb  |X 2701  |U V180  |Y 18  |7 A000002701 
856 4 |u http://is.stuba.sk/zp/portal_zp.pl?podrobnosti=161955 
856 4 |u https://opac.crzp.sk/?fn=detailBiblioForm&sid=E866CA411CD4E51497B18269BB2C